Concessions in China - Sudden Death - Statistics

General Stats
  • This quiz has been taken 45 times
  • The average score is 5 of 9
Answers on the Grid
Answers color-coded by a green-red scale on the quiz's grid according to % correct below.
Australia
Austria–Hungary
Belgium
France
Germany
Italy
Japan
Mexico
Netherlands
Ottoman Empire
Portugal
Russia
Siam
Spain
Sweden–Norway
Switzerland
United Kingdom
United States
 
Answer Stats
Answer % Correct
Japan
69%
United Kingdom
69%
France
67%
Germany
67%
Russia
59%
Italy
56%
United States
51%
Austria–Hungary
49%
Belgium
49%
No matching quizzes found
Score Distribution
Percent of People with Each Score
Percentile by Number Answered
Your Score History
You have not taken this quiz